000 00405nam a22001697a 4500
003 SGT
020 _a9789356968486
082 _a616.01
_bE25S
100 _aSASTRY, APURBA S.
245 _aESSENTIOLAS OF MICROBIOLOGY ORGANISM BASED
250 _a1ST
260 _aINDIA
_bJAYPEE PUB
_c2025
300 _a398
650 _aMICROBIOLOGY
653 _aMICROBIOLOGY ORGANISM BASED
942 _2ddc
_cBK
999 _c33714
_d33714